000 00725nam a2200265Ia 4500
001 Para_514
003 CHAP
008 220125s1987 xx 000 0 und d
010 _a199269
040 _cCHAP
082 _aPA 576.6482 P8
100 _aPtashne, Mark
_9164562
245 _aA genetic switch :
_b gene control and phage /
_c by Mark Ptashne
260 _aCambridge, mass :
_b Cell Press & Blackwell scientific publications
300 _a128 p.
650 _aBacteriofágos
_99340
650 _aGenética
_947469
901 _aPA 576.6482 P8
902 _aA
905 _a0000001987 a 0000000000 00
910 _a1987
942 _cPARA
942 _cPARA
_d1
999 _c199269
_d199269